Vybrané state z teórie automatického riadenia /

Uložené v:
Podrobná bibliografia
Hlavný autor: Oravec, Ivan, 1943- (Autor)
Médium: Kniha
Jazyk:Slovak
Vydavateľské údaje: Bratislava : STU v Bratislave, 1984
Vydanie:1.vyd.
Tagy: Pridať tag
Žiadne tagy, Buďte prvý, kto otaguje tento záznam!

MARC

LEADER 00000nam a22000003a 4500
001 stu6446
005 20150617225808.1
008 940804s1984----cs------------------slo-d
040 |a STU  |b slo 
041 0 |a slo 
044 |a cs 
100 1 |a Oravec, Ivan,  |d 1943-  |4 aut  |u E010  |T FEI Ústav riadenia a priemyselnej informatiky  |X 4925  |U E010  |Y E010  |7 A000004925 
245 1 |a Vybrané state z teórie automatického riadenia /  |c [aut.] Oravec,Ivan 
250 |a 1.vyd. 
260 |a Bratislava :  |b STU v Bratislave,  |c 1984 
300 |a 83 s 
996 |b E55682  |c E*55682  |l EE01  |s A  |a 24  |w stu6446_0001